000 01594cam a2200397 a 4500
001 14445173
003 LC
005 20160229110414.0
008 060710r20072007nyua b 000 0 eng
010 _a 2006022326
020 _a0385521065
020 _a9780753823576
035 _a(OCoLC)ocm70292015
035 _a(OCoLC)70292015
040 _aDLC
_cDLC
_dYDX
_dBAKER
_dBTCTA
_dOCO
_dYDXCP
_dDPB
_dIXA
_dVP@
_dDLC
043 _ae-uk-en
050 0 0 _aPR 6119.T69
_b.St888 2008
082 0 0 _aFIC
_bSt7g 2008
100 1 _aStott, Rebecca.
_919196
245 1 0 _aGhostwalk /
_cRebecca Stott.
250 _a1st U.S. ed.
260 _aNew York :
_bSpiegel & Grau,
_cc2008.
300 _a340 p. :
_bill. ;
_c20 cm.
600 1 0 _aNewton, Isaac,
_cSir,
_d1642-1727
_vFiction.
_919197
650 0 _aCollege teachers
_vFiction.
_919198
650 0 _aAlchemy
_vFiction.
_919199
651 0 _aCambridge (England)
_vFiction.
_919200
655 7 _aMystery fiction.
_2gsafd
_94089
856 4 2 _3Contributor biographical information
_uhttp://www.loc.gov/catdir/enhancements/fy0707/2006022326-b.html
856 4 2 _3Publisher description
_uhttp://www.loc.gov/catdir/enhancements/fy0707/2006022326-d.html
856 4 1 _3Sample text
_uhttp://www.loc.gov/catdir/enhancements/fy0622/2006022326-s.html
906 _a7
_bcbc
_corignew
_d1
_eecip
_f20
_gy-gencatlg
942 _2lcc
_cBK
999 _c11172
_d11172